Hodnotenie cien rezidenčných nehnuteľností na Slovensku: možné prístupy a ukazovatele

Táto štúdia obsahuje prehľad indikátorov používaných v súčasnosti na hodnotenie trhu nehnuteľností a slúži ako metodická pomôcka k prehľadu indikátorov nachádzajúcich sa na webovom sídle Národnej banky Slovenska.

Gespeichert in:
Bibliographische Detailangaben
1. Verfasser: Cesnak, Martin, 1994-
Weitere Verfasser: Klacso, Ján, Kupkovič, Patrik, Moravčík, Andrej, Rychtárik, Štefan, Vrbovský, Roman
Format: Buchkapitel
Sprache:Slowakisch
Schlagworte:
Tags: Tag hinzufügen
Keine Tags, Fügen Sie das erste Tag hinzu!

MARC

LEADER 00000naa a2200000 4500
001 0311754
005 20250822114928.7
041 0 |a slo 
044 |a SK 
245 1 0 |a Hodnotenie cien rezidenčných nehnuteľností na Slovensku: možné prístupy a ukazovatele  |c Martin Cesnak, Ján Klacso, Patrik Kupkovič, Andrej Moravčík, Štefan Rychtárik, Roman Vrbovský 
520 |a Táto štúdia obsahuje prehľad indikátorov používaných v súčasnosti na hodnotenie trhu nehnuteľností a slúži ako metodická pomôcka k prehľadu indikátorov nachádzajúcich sa na webovom sídle Národnej banky Slovenska. 
610 2 0 |a nehnuteľnosti 
610 2 0 |a modely makroekonomické 
610 2 0 |a bývanie 
610 2 0 |a úver 
100 1 |a Cesnak, Martin, 1994- 
700 1 |a Klacso, Ján 
700 1 |a Kupkovič, Patrik 
700 1 |a Moravčík, Andrej 
700 1 |a Rychtárik, Štefan 
700 1 |a Vrbovský, Roman